=LDR 00000nam 2200000 4500 =001 INLIS000000000021538 =005 20130612120406 =008 ***********************************Ind** =035 ##$$0010-061300000021538 =041 ##$$a Ind =082 ##$$a R.Rom.K =090 ##$$a R.Rom.K, Kar c =100 ##$$a Karima, Tun =245 ##$$a Cita-cita si Nok, Tun Karima =260 ##$$a 2006 $b Jogjakarta =300 ##$$a 96 hlm, 17 cm =650 ##$$a Fiksi Kanak-kanak =850 ##$$a NBPNMAT